000 00879nam a22002537a 4500
003 OSt
008 260629b |||||||| |||| 00| 0 eng d
020 _a9789811987731
082 _a363.7288
_bR16A
100 _aEditers- Ramawat, K.G.
245 _aAgricultural Waste: Environmental Impact, Useful Metabolites and Energy Production
_bSustainable Development and Biodiversity
_cEditers- Ramawat, K.G.
250 _aVolume-31
260 _aSingapore
_bSpringer Nature
_c2023
300 _aix., 589p.
650 _aAgricultural wastes.
650 _aAgricultural wastes $x Environmental aspects.
650 _aBiomass energy.
650 _aAgricultural wastes $x Recycling.
650 _aWaste products as fuel
650 _aAgricultural wastes $x Environmental aspects.
700 _aEditor- Jean-Michel Mérillon
700 _aEditor- Jaya Arora
942 _2ddc
_cBK
999 _c52484
_d52484